Revolta dos búzios (Record no. 50078)

MARC details
000 -LÍDER
campo de controle de tamanho fixo 00326 a2200145 4500
001 - NÚMERO DE CONTROLE
campo de controle 50078
040 ## - FONTE DA CATALOGAÇÃO
Instituição que transcreveu o registro Anchieta - Bela Vista
100 ## - ENTRADA PRINCIPAL--NOME PESSOAL
Nome pessoal Pestana, Maurício
240 10 - TÍTULO UNIFORME
Título uniforme Revolta dos búzios
Idioma da obra por
245 10 - TÍTULO
Título Revolta dos búzios
300 ## - DESCRIÇÃO FÍSICA
Extensão 26
440 #1 - DECLARAÇÃO DE SÉRIE/ENTRADA ADICIONADA--TÍTULO
Título Escola Olodum
650 #4 - ASSUNTO--TERMO TÓPICO
Cabeçalho tópico ou nome geográfico Literatura juvenil
942 ## - ELEMENTOS DE ENTRADA ADICIONADOS (KOHA)
Tipo de material Koha Livros
Holdings
Situação do descarte Situação das perdas Situação física Não pode ser emprestado Biblioteca de origem Biblioteca atual Data de aquisição Total de empréstimos Número de chamada completo Código de barras Data de último acesso Data do preço efetivo Tipo de material Koha
        Colégio Anchieta - Bela Vista Colégio Anchieta - Bela Vista 21/11/2023   LJ 028.5 P476r PES REV 3519/BEL 21/11/2023 21/11/2023 Livros